Cambios en la Sociedad Cubana desde los noventa /
Sparad:
| Huvudupphovsman: | |
|---|---|
| Övriga upphovsmän: | , , |
| Materialtyp: | Text |
| Språk: | Spanish |
| Publicerad: |
Washington:
Woodrow Wilson International Center for Scholars
|
| Ämnen: | |
| Taggar: |
Lägg till en tagg
Inga taggar, Lägg till första taggen!
|
MARC
| LEADER | 00000 a a2200000 04500 | ||
|---|---|---|---|
| 001 | 33108 | ||
| 003 | cru CIDCACS/IIS | ||
| 005 | 20180915062529.0 | ||
| 008 | 170901b xxu||||| |||| 00| 0 spa d | ||
| 999 | |c 2566 |d 2566 | ||
| 040 | |c cru CIDCACS/IIS | ||
| 090 | |a 206502 | ||
| 100 | |a Tulchin, Joseph S. | ||
| 245 | |a Cambios en la Sociedad Cubana desde los noventa / |c Joseph S. Tulchin | ||
| 260 | |a Washington: |b Woodrow Wilson International Center for Scholars | ||
| 300 | |a 362 p. | ||
| 650 | |a CUBA | ||
| 650 | |a SOCIEDAD CIVIL | ||
| 650 | |a PARTICIPACION SOCIAL | ||
| 650 | |a GRUPOS POPULARES | ||
| 650 | |a ORGANIZACIONES NO GUBERNAMENTALES | ||
| 650 | |a INTELECTUALES | ||
| 650 | |a ARTISTAS | ||
| 650 | |a PARTICIPACION POLITICA | ||
| 650 | |a INFLUENCIA SOCIAL | ||
| 650 | |a AUTONOMIZACION | ||
| 650 | |a SISTEMAS POLITICOS | ||
| 650 | |a CONTROL SOCIAL | ||
| 650 | |a ORGANIZACIONES REGIONALES | ||
| 650 | |a OPOSICION P | ||
| 700 | 1 | |a Bobea, Lilian |9 5292 | |
| 700 | 1 | |9 5158 |a Espina Prieto, Mayra | |
| 700 | 1 | |a Hernández López, Rafael Alonso |9 1043 | |
| 942 | |2 ddc |c LI | ||
